Oraciones para rezar por la calle / (Record no. 123860)

MARC details
000 -LEADER
campo de control de longitud fija 00728nam a2200229 4500
001 - NÚMERO DE CONTROL
campo de control 123860
003 - IDENTIFICADOR DE NÚMERO DE CONTROL
campo de control ES-MaACL
005 - FECHA Y HORA DE LA ÚLTIMA TRANSACCIÓN
campo de control 20250416232442.0
007 - CAMPO FIJO DE DESCRIPCIÓN FÍSICA--INFORMACIÓN GENERAL
campo de control de longitud fija t|
008 - DATOS DE LONGITUD FIJA--INFORMACIÓN GENERAL
campo de control de longitud fija 070214s1962 sp r ||||1| spa d
100 1# - ENTRADA PRINCIPAL--NOMBRE DE PERSONA
Nombre de persona Quoist, Michel.
9 (RLIN) 94807
245 10 - MENCIÓN DEL TÍTULO
Título Oraciones para rezar por la calle /
Mención de responsabilidad, etc. Michel Quoist ; traducción de José Luis Martín Descalzo, Ramón María Sans Vila.
250 ## - MENCION DE EDICION
Mención de edición 4ª. ed.
260 ## - PUBLICACIÓN, DISTRIBUCIÓN, ETC.
Lugar de publicación, distribución, etc. Salamanca :
Nombre del editor, distribuidor, etc. Sígueme,
Fecha de publicación, distribución, etc. 1962.
300 ## - DESCRIPCIÓN FÍSICA
Extensión 212 p. ;
Dimensiones 19 cm.
490 1# - MENCIÓN DE SERIE
Mención de serie Hinnene
700 1# - ENTRADA AGREGADA--NOMBRE PERSONAL
Nombre de persona Martín Descalzo, José Luis,
Fechas asociadas al nombre 1930-1991
9 (RLIN) 77470
700 1# - ENTRADA AGREGADA--NOMBRE PERSONAL
Nombre de persona Sans Vila, Ramón María.
9 (RLIN) 103213
830 0# - PUNTO DE ACCESO ADICIONAL DE SERIE-TÍTULO UNIFORME
Título uniforme Hinnene
9 (RLIN) 218974
852 ## - LOCALIZACIÓN
Ubicación ES-MaACL
Número de control de estantería C-24367
Sublocalización o colección R.50521
Holdings
Estatus retirado Estado de pérdida Estado de daño No para préstamo Biblioteca de origen Biblioteca actual Ubicación en estantería Fecha de adquisición Fuente de adquisición Total de préstamos Signatura topográfica completa Código de barras Visto por última vez Precio de reemplazo Tipo de ítem Koha
        Biblioteca del Ateneo de Madrid Biblioteca del Ateneo de Madrid Depósito 2 17/01/2008     C-24367 1129045 23/02/2023 23/02/2023 Libro impreso